Standing to outstanding : (Record no. 367578)
[ view plain ]
| 000 -LEADER | |
|---|---|
| fixed length control field | 00795nam a22002297a 4500 |
| 003 - CONTROL NUMBER IDENTIFIER | |
| control field | 0 |
| 005 - DATE AND TIME OF LATEST TRANSACTION | |
| control field | 20250822142805.0 |
| 008 - FIXED-LENGTH DATA ELEMENTS--GENERAL INFORMATION | |
| fixed length control field | 250822b xxu||||| |||| 00| 0 eng d |
| 020 ## - INTERNATIONAL STANDARD BOOK NUMBER | |
| International Standard Book Number | 978-621-8042-67-4 |
| 050 ## - LIBRARY OF CONGRESS CALL NUMBER | |
| Classification number | HF 5415.127 |
| Item number | .B35 2025 |
| 100 ## - MAIN ENTRY--PERSONAL NAME | |
| Personal name | Balita, Carl E., |
| Relator term | author. |
| 245 ## - TITLE STATEMENT | |
| Title | Standing to outstanding : |
| Remainder of title | a framework for meaningful personal branding / |
| Statement of responsibility, etc | Dr. Carl E. Balita, Mr. Adrian Tabalanza & Atty. Lyca Balita. |
| 260 ## - PUBLICATION, DISTRIBUTION, ETC. (IMPRINT) | |
| Place of publication, distribution, etc | Sampaloc, Manila : |
| Name of publisher, distributor, etc | QUARTERS / ULS, |
| Date of publication, distribution, etc | 2025. |
| 300 ## - PHYSICAL DESCRIPTION | |
| Extent | 222 pages : |
| Other physical details | illustrations ; |
| Dimensions | 22 cm. |
| 650 ## - SUBJECT ADDED ENTRY--TOPICAL TERM | |
| Topical term or geographic name as entry element | Personal branding (Marketing). |
| 650 ## - SUBJECT ADDED ENTRY--TOPICAL TERM | |
| Topical term or geographic name as entry element | Self-presentation. |
| 650 ## - SUBJECT ADDED ENTRY--TOPICAL TERM | |
| Topical term or geographic name as entry element | Career development. |
| 650 ## - SUBJECT ADDED ENTRY--TOPICAL TERM | |
| Topical term or geographic name as entry element | Success in business. |
| 700 ## - ADDED ENTRY--PERSONAL NAME | |
| Personal name | Tabalanza, Adrian, |
| Relator term | author. |
| 700 ## - ADDED ENTRY--PERSONAL NAME | |
| Personal name | Balita, Lyca, |
| Relator term | author. |
| 942 ## - ADDED ENTRY ELEMENTS (KOHA) | |
| Source of classification or shelving scheme | Library of Congress Classification |
| Koha item type | Books |
| Withdrawn status | Lost status | Source of classification or shelving scheme | Damaged status | Home library | Current library | Shelving location | Date acquired | Source of acquisition | Total Checkouts | Total Renewals | Full call number | Barcode | Checked out | Date last seen | Date checked out | Price effective from | Koha item type |
|---|---|---|---|---|---|---|---|---|---|---|---|---|---|---|---|---|---|
| Library of Congress Classification | College Library | College Library | Filipiniana Section | 06/04/2025 | Donation | 1 | 2 | HF 5415.127 .B35 2025 | C24734 | 01/29/2026 | 08/29/2025 | 08/29/2025 | 08/22/2025 | Books |